| 000 | 00735nam a2200193Ia 4500 | ||
|---|---|---|---|
| 008 | 151121s9999||||xx |||||||||||||| ||und|| | ||
| 082 | _a097/नागर | ||
| 082 | _bHNW-64482 | ||
| 100 | _aनागर विष्णु /जेदी असद-संपा। | ||
| 245 | _aरघुवीरसहाय | ||
| 260 | _b"आधार प्रकाशन, पंचकुला- हरियाना" | ||
| 260 | _c-- | ||
| 300 | _a212 | ||
| 600 | _aनागर विष्णु /जेदी असद-संपा। | ||
| 630 | _aरघुवीरसहाय | ||
| 700 | _aनागर विष्णु /जेदी असद-संपा। | ||
| 730 | _aरघुवीरसहाय | ||
| 942 | _cBOOK | ||
| 999 |
_c1246008 _d1246005 |
||